00726nam a2200217Ia 4500001001000000003000500010008004100015010001100056040000900067100003800076245009200114260007400206300001000280650002800290650001100318650001300329650003100342650004300373650004200416710005000458Para_7115CHAP220125s1991 xx 000 0 und d a206001 cCHAP1 aLópez Fuentes, María Cristina aLas bacterias que afectan plantas ornamentales /c por María Cristina López Fuentes aChapingo, Méx. :b UACh. Departamento de Parasitología Agrícola a27 h. aClavel x enfermedades  aDalia  aGeranios aGladiolas x enfermedades  aPlantas x enfermedades por bacterias  aPlantas ornamentales x enfermedades  aUACh. Departamento Parasitología Agrícola